| 000 | 00992nac a22003257a 4500 | ||
|---|---|---|---|
| 001 | BR9300272 | ||
| 003 | BR-BrBNA | ||
| 005 | 20240105121333.0 | ||
| 008 | 230509b bl.|||m| |||| 00| 0 por d | ||
| 040 |
_aBR-BrBNA _bpor _cBiblioteca Nacional de Agricultura |
||
| 072 | _aP30; F07 | ||
| 090 | _a0150 BR9300272 | ||
| 100 | 1 | _aHenklain, J.C. | |
| 100 | 1 | _aFigueiredo, P.R.A. de | |
| 100 | 1 | _aSiqueira, R. | |
| 100 | 1 | _aAraujo, A.G. de | |
| 110 | 1 |
_aInstituto Agronomico do Parana, Londrina (Brasil) _95630 |
|
| 245 | 1 | _aPreparo do solo em areas de arroz irrigado no Parana | |
| 260 | 3 |
_aLondrina, PR (Brasil): _c1992. |
|
| 300 | _a26 p. | ||
| 490 |
_aCircular - Instituto Agronomico do Parana (Brazil) _vno. 75 _xISSN 0100-3356 |
||
| 500 | _a15 ref.; 18 illus. | ||
| 650 | _aArroz Irrigado | ||
| 650 | _aSolo | ||
| 650 | _aManejo do Solo | ||
| 650 | _aImplemento Agricola | ||
| 650 | _aParana | ||
| 909 |
_a202312 _bLúcia Elande _c55 _dLúcia Elande |
||
| 942 |
_2AGRIS _n0 _cMS |
||
| 999 |
_c284713 _d284713 |
||